<?xml version="1.0" encoding="UTF-8"?>
<record
    xmlns:xsi="http://www.w3.org/2001/XMLSchema-instance"
    xsi:schemaLocation="http://www.loc.gov/MARC21/slim http://www.loc.gov/standards/marcxml/schema/MARC21slim.xsd"
    xmlns="http://www.loc.gov/MARC21/slim">

  <leader>00786nam a22002177a 4500</leader>
  <datafield tag="999" ind1=" " ind2=" ">
    <subfield code="c">166179</subfield>
    <subfield code="d">166179</subfield>
  </datafield>
  <controlfield tag="005">20190716113440.0</controlfield>
  <datafield tag="010" ind1=" " ind2=" ">
    <subfield code="a">ENG-125939</subfield>
  </datafield>
  <datafield tag="020" ind1=" " ind2=" ">
    <subfield code="a">9789353434878</subfield>
    <subfield code="c">599.00</subfield>
  </datafield>
  <datafield tag="035" ind1=" " ind2=" ">
    <subfield code="a">EN-109471</subfield>
  </datafield>
  <datafield tag="037" ind1=" " ind2=" ">
    <subfield code="b">DBAD/PUB</subfield>
  </datafield>
  <datafield tag="082" ind1=" " ind2=" ">
    <subfield code="a">658.83</subfield>
  </datafield>
  <datafield tag="100" ind1=" " ind2=" ">
    <subfield code="a">Viki, Tendayi</subfield>
  </datafield>
  <datafield tag="245" ind1=" " ind2=" ">
    <subfield code="a">The lean product lifecycle :</subfield>
    <subfield code="c">by Tendayi Viki, Craig Strong [and] Sonja Kresojevic</subfield>
    <subfield code="b">how to make products people want /</subfield>
  </datafield>
  <datafield tag="260" ind1=" " ind2=" ">
    <subfield code="a">Noida </subfield>
    <subfield code="b">Pearson India Education</subfield>
    <subfield code="c">2019</subfield>
  </datafield>
  <datafield tag="270" ind1=" " ind2=" ">
    <subfield code="a">15th Floor, Tower-B, World Trade Tower, Plot No.I, Block-C, Sector 16</subfield>
    <subfield code="b">Noida, Uttar Pradesh </subfield>
    <subfield code="e">201301</subfield>
    <subfield code="m">companysecretary.india@pearson.com</subfield>
  </datafield>
  <datafield tag="300" ind1=" " ind2=" ">
    <subfield code="a">xiv,243.</subfield>
    <subfield code="c">23cm(pbk)</subfield>
  </datafield>
  <datafield tag="500" ind1=" " ind2=" ">
    <subfield code="a">Includes index</subfield>
  </datafield>
  <datafield tag="700" ind1=" " ind2=" ">
    <subfield code="a">Strong, Craig</subfield>
  </datafield>
  <datafield tag="700" ind1=" " ind2=" ">
    <subfield code="a">Kresojevic, Sonja</subfield>
  </datafield>
  <datafield tag="942" ind1=" " ind2=" ">
    <subfield code="2">ddc</subfield>
    <subfield code="c">EN</subfield>
    <subfield code="h">658.83</subfield>
    <subfield code="m">VIK</subfield>
  </datafield>
  <datafield tag="952" ind1=" " ind2=" ">
    <subfield code="0">0</subfield>
    <subfield code="1">0</subfield>
    <subfield code="4">0</subfield>
    <subfield code="7">0</subfield>
    <subfield code="8">NFIC</subfield>
    <subfield code="a">AV</subfield>
    <subfield code="b">AV</subfield>
    <subfield code="d">2019-07-16</subfield>
    <subfield code="e">DBAD/PUB</subfield>
    <subfield code="g">599.00</subfield>
    <subfield code="l">2</subfield>
    <subfield code="o">658.83 VIK</subfield>
    <subfield code="p">EN-109471</subfield>
    <subfield code="r">2022-08-26 00:00:00</subfield>
    <subfield code="s">2022-08-12</subfield>
    <subfield code="t">1</subfield>
    <subfield code="v">599.00</subfield>
    <subfield code="y">EN</subfield>
  </datafield>
</record>
